000 00334nam a2200157Ia 4500
003 0STCL
008 150530s9999 xx 000 0 und d
040 _aSTCL
_cSTCL
100 _aArun Josh
245 _aCity and the river
260 _c1994
546 _aEnglish
942 _2ddc
_cBK
999 _c44748
_d44748
005 20220125170638.0